Marie Le Jars de Gournay, Les Advis, ou, Les Presens de la Demoiselle de Gournay, 1641, vol. II, édition critique établie et annotée par Jean-Philippe Beaulieu et Hannah Fournier, avec la collaboration de Delbert Russell, présentation par Marie-Thérèse Noiset, Amsterdam -New York, Rodopi, coll. « Faux titre », no 219, 2002. 1 vol. 15 × 22 cm de 327 p. (notice n° 1858340)
[ vue normale ]
| 000 -LEADER | |
|---|---|
| fixed length control field | 00805cam a2200145 4500500 |
| 005 - DATE AND TIME OF LATEST TRANSACTION | |
| control field | 20260329011051.0 |
| 041 ## - LANGUAGE CODE | |
| Language code of text/sound track or separate title | fre |
| 042 ## - AUTHENTICATION CODE | |
| Authentication code | dc |
| 100 10 - MAIN ENTRY--PERSONAL NAME | |
| Personal name | Arnould, Jean-Claude |
| Relator term | author |
| 245 00 - TITLE STATEMENT | |
| Title | Marie Le Jars de Gournay, Les Advis, ou, Les Presens de la Demoiselle de Gournay, 1641, vol. II, édition critique établie et annotée par Jean-Philippe Beaulieu et Hannah Fournier, avec la collaboration de Delbert Russell, présentation par Marie-Thérèse Noiset, Amsterdam -New York, Rodopi, coll. « Faux titre », no 219, 2002. 1 vol. 15 × 22 cm de 327 p. |
| 260 ## - PUBLICATION, DISTRIBUTION, ETC. | |
| Date of publication, distribution, etc. | 2003.<br/> |
| 500 ## - GENERAL NOTE | |
| General note | 73 |
| 786 0# - DATA SOURCE ENTRY | |
| Note | Dix-septième siècle | 219 | 2 | 2003-06-01 | p. 357a-376a | 0012-4273 |
| 856 41 - ELECTRONIC LOCATION AND ACCESS | |
| Uniform Resource Identifier | <a href="https://shs.cairn.info/revue-dix-septieme-siecle-2003-2-page-357a?lang=fr&redirect-ssocas=7080">https://shs.cairn.info/revue-dix-septieme-siecle-2003-2-page-357a?lang=fr&redirect-ssocas=7080</a> |
Pas d'exemplaire disponible.




Réseaux sociaux